[Event "AUTO-MASTER-479"]
[Site "http://www.queenalice.com/game.php?id=427123"]
[Date "2008.7.4"]
[Round "2"]
[White "Yellow"]
[Black "Vampyr"]
[Result "1-0"]
[WhiteElo "2215"]
[BlackElo "2119"]

1. e4 c5 2. Nf3 d6 3. d4 cxd4 4. Nxd4 Nf6 5. Nc3 a6 6. Bg5 e6 7. f4 Qb6 8. Qd2
Qxb2 9. Nb3 Qa3 10. Bxf6 gxf6 11. Be2 Nc6 12. O-O h5 13. Qe3 Be7 14. Nb1 Qa4 15.
a3 Nd8 16. c4 Qc6 17. N1d2 Bd7 18. Bf3 e5 19. f5 Rc8 20. Rfd1 Qa4 21. Nc1 Nc6
22. Ne2 Na5 23. Nc3 Qc6 24. Nd5 Nxc4 25. Nxc4 Qxc4 26. Rac1 Qa4 27. Nb6 1-0

[Event "AUTO-MASTER-479"]
[Site "http://www.queenalice.com/game.php?id=427124"]
[Date "2008.7.4"]
[Round "2"]
[White "Vampyr"]
[Black "Yellow"]
[Result "0-1"]
[WhiteElo "2181"]
[BlackElo "2145"]

1. e4 c5 2. Nf3 d6 3. d4 cxd4 4. Nxd4 Nf6 5. Nc3 g6 6. Be3 Bg7 7. f3 Nc6 8. Qd2
O-O 9. O-O-O d5 10. exd5 Nxd5 11. Nxc6 bxc6 12. Bd4 Nxc3 13. Qxc3 Bh6+ 14. Kb1
e5 0-1

[Event "Challenge"]
[Site "http://www.queenalice.com/game.php?id=431312"]
[Date "2008.7.11"]
[Round "-"]
[White "Yellow"]
[Black "chessgoddess"]
[Result "1-0"]
[WhiteElo "2248"]
[BlackElo "2261"]

1. e4 c5 2. Nf3 Nc6 3. d4 cxd4 4. Nxd4 e6 5. Nc3 d5 6. exd5 exd5 7. Bb5 Ne7 8.
O-O a6 9. Bxc6+ bxc6 10. Re1 Qd6 11. Qf3 Ra7 12. Bf4 Qf6 13. Qe3 Rb7 14. Nb3 Be6
15. Rad1 Qg6 16. Rd2 Nf5 17. Qe2 Rb6 18. Na4 Rb5 19. c4 Rxb3 20. axb3 Bb4 21.
cxd5 cxd5 22. Nc3 d4 23. Qc4 dxc3 24. Qc8+ Ke7 25. Qc7+ Kf6 26. Qe5+ Ke7 27.
bxc3 Bd6 28. Rxd6 Nxd6 29. Qxd6+ Kf6 30. Qd4+ Ke7 31. Bd6+ Kd7 32. Be5+ Ke8 33.
Qa4+ Ke7 34. Qb4+ Kd8 35. Qb8+ Bc8 36. Qc7+ Ke8 37. Bf6+ 1-0

[Event "AUTO-ELITE-202"]
[Site "http://www.queenalice.com/game.php?id=438925"]
[Date "2008.7.25"]
[Round "1"]
[White "Yellow"]
[Black "Chuzete"]
[Result "1/2-1/2"]
[WhiteElo "2224"]
[BlackElo "2277"]

1. e4 c5 2. Nf3 d6 3. d4 cxd4 4. Nxd4 Nf6 5. Nc3 a6 6. Bg5 e6 7. f4 Be7 8. Qf3
h6 9. Bh4 g5 10. fxg5 Nfd7 11. Nxe6 fxe6 12. Qh5+ Kf8 13. Bb5 Rh7 14. O-O+ Kg8
15. g6 Rg7 16. Rf7 Bxh4 17. Qxh6 Rxf7 18. gxf7+ Kxf7 19. Rf1+ Bf6 20. e5 dxe5
21. Ne4 Qb6+ 22. Kh1 axb5 23. Nxf6 Ke7 24. Qh7+ Kd8 1/2-1/2

[Event "AUTO-ELITE-202"]
[Site "http://www.queenalice.com/game.php?id=438926"]
[Date "2008.7.25"]
[Round "1"]
[White "Chuzete"]
[Black "Yellow"]
[Result "1-0"]
[WhiteElo "2275"]
[BlackElo "2226"]

1. c4 e5 2. Nc3 Nc6 3. g3 g6 4. Bg2 Bg7 5. e3 d6 6. Nge2 Be6 7. Nd5 Qd7 8. Qa4
Nh6 9. d3 f5 10. f4 O-O 11. Nec3 Rf7 12. O-O Nd8 13. Qa3 c6 14. Nb6 1-0

[Event "AUTO-ELITE-202"]
[Site "http://www.queenalice.com/game.php?id=438927"]
[Date "2008.7.25"]
[Round "1"]
[White "Yellow"]
[Black "patoche"]
[Result "1/2-1/2"]
[WhiteElo "2211"]
[BlackElo "2332"]

1. e4 Nc6 2. Nf3 e6 3. d4 d5 4. Nc3 Bb4 5. e5 Nge7 6. Bd3 Nf5 7. O-O b6 8. Ne2
Be7 9. c3 Bb7 10. Qc2 Qd7 11. Ng3 Nxg3 12. fxg3 h6 13. Be3 a5 14. Qe2 Nb8 15. b3
c5 16. c4 dxc4 17. Bxc4 O-O 1/2-1/2

[Event "AUTO-ELITE-202"]
[Site "http://www.queenalice.com/game.php?id=438928"]
[Date "2008.7.25"]
[Round "1"]
[White "patoche"]
[Black "Yellow"]
[Result "1/2-1/2"]
[WhiteElo "2244"]
[BlackElo "2217"]

1. e4 c5 2. Nf3 d6 3. d4 cxd4 4. Nxd4 Nf6 5. Nc3 g6 6. Be3 Bg7 7. Be2 Nc6 8. O-O
O-O 9. Nb3 Be6 10. f4 Rc8 11. Bf3 Nd7 12. Kh1 Nb6 13. Bxb6 Qxb6 14. Nd5 Bxd5 15.
exd5 Nd4 16. Nxd4 Qxd4 17. Qxd4 1/2-1/2

[Event "Challenge"]
[Site "http://www.queenalice.com/game.php?id=441444"]
[Date "2008.7.30"]
[Round "-"]
[White "Yellow"]
[Black "daga27"]
[Result "0-1"]
[WhiteElo "2217"]
[BlackElo "998"]

1. e4 e5 2. Nf3 Nc6 3. Bb5 Nge7 4. Nc3 a6 5. Ba4 d5 6. exd5 Nxd5 7. Nxe5 Nxc3 8.
Nxc6 Nxd1 9. Nxd8+ Kxd8 10. Kxd1 Bc5 11. f3 Bd7 12. Bxd7 Kxd7 13. c3 Rhe8 14. d4
Bb6 15. Bf4 c5 16. dxc5 Bxc5 17. Kd2 g5 0-1

[Event "Challenge"]
[Site "http://www.queenalice.com/game.php?id=441445"]
[Date "2008.7.30"]
[Round "-"]
[White "daga27"]
[Black "Yellow"]
[Result "1-0"]
[WhiteElo "998"]
[BlackElo "2217"]

1. e4 c6 2. d4 d5 3. e5 Bf5 4. Nc3 e6 5. Bd2 c5 6. dxc5 Bxc5 7. Qf3 Nc6 8. Bb5
Ne7 9. Bxc6+ Nxc6 10. O-O-O Bxc2 11. Kxc2 Nd4+ 12. Kc1 Nxf3 13. Nxf3 O-O 14. Bg5
Qa5 15. a3 Bxa3 16. bxa3 Qxc3+ 17. Kb1 Rfc8 18. Bd2 Qb3+ 19. Ka1 Rc2 20. Nd4 1-0

[Event "Słaba partia"]
[Site "http://www.queenalice.com/game.php?id=448390"]
[Date "2008.8.14"]
[Round "-"]
[White "daga27"]
[Black "Yellow"]
[Result "0-1"]
[WhiteElo "1045"]
[BlackElo "2216"]

1. e4 c6 2. d4 d5 3. Nc3 dxe4 4. Nxe4 Nd7 5. Nf3 Ngf6 6. Nxf6+ Nxf6 7. Bc4 Bf5
8. O-O e6 9. Re1 Be7 10. Ne5 h6 11. Be3 O-O 12. Bd3 Bxd3 13. Qxd3 Qa5 14. Qb3
Qb6 15. Qxb6 axb6 16. c3 Rfd8 17. Rad1 Rxa2 18. b4 b5 19. Ra1 Rda8 20. Rxa2 Rxa2
21. c4 Bxb4 22. Rd1 bxc4 23. Rc1 c3 0-1

[Event "AUTO-MASTER-541"]
[Site "http://www.queenalice.com/game.php?id=467365"]
[Date "2008.9.23"]
[Round "2"]
[White "Yellow"]
[Black "enzoiazo"]
[Result "1/2-1/2"]
[WhiteElo "2245"]
[BlackElo "2325"]

1. e4 e5 2. Nf3 Qe7 3. Nc3 c6 4. d4 d6 5. a4 h6 6. Be2 Nf6 7. O-O Bg4 8. a5 Nbd7
9. Re1 g6 10. Be3 Bg7 11. Nd2 Bxe2 12. Qxe2 O-O 13. Nc4 exd4 14. Bxd4 Rfe8 15.
Qd2 Ne5 16. Nxe5 dxe5 17. Be3 Kh7 18. f3 Red8 19. Qf2 a6 20. Bb6 Rd7 21. Na4 Rb8
22. g3 Qb4 23. Bc5 Qd2 24. Nb6 Qxf2+ 25. Kxf2 Rd2+ 26. Re2 Rbd8 27. Ke1 Rxe2+
28. Kxe2 Kg8 29. Nc4 Ne8 30. Ra3 f6 31. Rb3 Rd7 32. Nb6 Rf7 33. Rd3 Nc7 34. Rd8+
Kh7 35. Rb8 1/2-1/2

[Event "AUTO-MASTER-541"]
[Site "http://www.queenalice.com/game.php?id=467366"]
[Date "2008.9.23"]
[Round "2"]
[White "enzoiazo"]
[Black "Yellow"]
[Result "1/2-1/2"]
[WhiteElo "2261"]
[BlackElo "2215"]

1. d4 Nf6 2. Nf3 g6 3. g3 Bg7 4. Bg2 O-O 5. O-O d6 6. c4 Nc6 7. d5 Na5 8. Qa4 c5
9. Bd2 b6 10. Bc3 Bd7 11. Qc2 Bf5 12. Qa4 Bd7 1/2-1/2

[Event "AUTO-MASTER-541"]
[Site "http://www.queenalice.com/game.php?id=467367"]
[Date "2008.9.23"]
[Round "2"]
[White "Yellow"]
[Black "Diego_Silveira"]
[Result "1-0"]
[WhiteElo "2260"]
[BlackElo "1998"]

1. e4 c6 2. d4 d5 3. Nc3 dxe4 4. Nxe4 Bf5 5. Ng3 Bg6 6. h4 h6 7. Nf3 Nd7 8. h5
Bh7 9. Bd3 Bxd3 10. Qxd3 e6 11. Bf4 Ngf6 12. O-O-O Qa5 13. Kb1 Be7 14. Ne5 O-O
15. Qb3 Nxe5 16. dxe5 Nd5 17. Bd2 Qc7 18. c4 Nb6 19. f4 Rfd8 20. Ba5 c5 21.
Rxd8+ Rxd8 22. Rd1 Rxd1+ 23. Qxd1 Qc6 24. Bxb6 axb6 25. Qe2 Bh4 26. Ne4 Be7 27.
Qd3 Kf8 28. a3 Ke8 29. b3 Qd7 30. Kc2 Qxd3+ 31. Kxd3 Kd7 32. g4 Kc6 33. a4 Kd7
34. g5 Kc6 35. gxh6 gxh6 36. Nf2 Bf8 37. Ng4 Kd7 38. Ke4 Bg7 39. f5 exf5+ 40.
Kxf5 Ke7 41. Ne3 Kd7 42. Nd5 Kc6 43. e6 fxe6+ 44. Kxe6 Bb2 45. Kf5 Bc1 46. Kg6
Bd2 47. Ne7+ Kd6 48. Nf5+ Ke5 49. Nxh6 Kd4 50. Nf7 Kc3 51. Ng5 Kxb3 52. h6 Kxc4
53. Kf7 Bc3 54. Ne6 Bh8 55. Kg8 1-0

[Event "AUTO-MASTER-541"]
[Site "http://www.queenalice.com/game.php?id=467368"]
[Date "2008.9.23"]
[Round "2"]
[White "Diego_Silveira"]
[Black "Yellow"]
[Result "0-1"]
[WhiteElo "1955"]
[BlackElo "2242"]

1. d4 Nf6 2. Nc3 d5 3. Bg5 Nbd7 4. e3 g6 5. Bd3 Bg7 6. Nge2 O-O 7. e4 dxe4 8.
Nxe4 Nxe4 9. Bxe4 c5 10. c3 cxd4 11. cxd4 Qb6 12. Qd2 e5 13. d5 f5 14. Bc2 Qxb2
15. d6 Qxa1+ 16. Bd1 e4 17. O-O Qe5 18. Bb3+ Kh8 19. Rc1 Nc5 20. Bd1 Nd3 21. Rc7
Qxd6 22. Rxg7 Kxg7 23. Bh6+ Kg8 24. Bb3+ Be6 25. Qc3 Rf7 0-1

[Event "AUTO-MASTER-552"]
[Site "http://www.queenalice.com/game.php?id=470605"]
[Date "2008.9.30"]
[Round "2"]
[White "Rutty"]
[Black "Yellow"]
[Result "0-1"]
[WhiteElo "2032"]
[BlackElo "2236"]

1. e4 c5 2. Nf3 d6 3. Bc4 Nf6 4. Nc3 g6 5. h3 Bg7 6. O-O O-O 7. d4 cxd4 8. Nxd4
Bd7 9. Be3 Nc6 10. Qd2 Qa5 11. Rad1 Rfe8 12. a3 Rac8 13. Nb3 Qc7 14. f4 Na5 15.
Nxa5 Qxa5 16. Bd3 Bc6 17. f5 b5 18. fxg6 hxg6 19. Bd4 a6 20. Qf2 Qc7 21. Rde1 e5
22. Bb6 Qb7 23. Be3 d5 24. exd5 Nxd5 25. Nxd5 Bxd5 26. c3 f5 27. Bg5 Qf7 28. Qb6
Re6 29. Qa5 Bf8 30. a4 Qb7 31. axb5 axb5 32. Qxb5 Rb6 33. Qa4 Rxb2 34. Re2 Bxg2
35. Ba6 Bc5+ 36. Be3 Bxe3+ 37. Rxe3 Qb6 38. Re1 Rd8 39. Bc4+ Kg7 40. Qa6 Qxe3+
41. Rxe3 Rd1+ 42. Bf1 Bb7 43. Qe2 Rxe2 44. Rxe2 Ba6 45. Rf2 Rxf1+ 46. Rxf1 Bxf1
47. Kxf1 Kf6 0-1

[Event "AUTO-MASTER-552"]
[Site "http://www.queenalice.com/game.php?id=470606"]
[Date "2008.9.30"]
[Round "2"]
[White "Yellow"]
[Black "Rutty"]
[Result "1-0"]
[WhiteElo "2217"]
[BlackElo "1966"]

1. e4 e5 2. Nf3 Nc6 3. Bb5 Bc5 4. c3 Nf6 5. O-O Nxe4 6. d4 exd4 7. cxd4 Be7 8.
d5 a6 9. Bd3 Nxf2 10. Rxf2 O-O 11. dxc6 Bc5 12. Qc2 Bxf2+ 13. Kxf2 dxc6 14. Bf4
h6 15. Nc3 Be6 16. Kg1 Bg4 17. Rf1 Bxf3 18. Rxf3 Qe7 19. Qf2 b5 20. h3 b4 21.
Ne4 a5 22. Ng3 c5 23. Nf5 Qf6 24. Rg3 g5 25. Nxh6+ 1-0

[Event "AUTO-MASTER-552"]
[Site "http://www.queenalice.com/game.php?id=470609"]
[Date "2008.9.30"]
[Round "2"]
[White "RDario"]
[Black "Yellow"]
[Result "0-1"]
[WhiteElo "1914"]
[BlackElo "2222"]

1. g4 e5 2. d3 h5 3. g5 d5 4. Nf3 Nc6 5. c3 Be6 6. h4 Qd7 7. Nbd2 O-O-O 8. b4 e4
9. dxe4 dxe4 10. Nd4 Nxd4 11. cxd4 Qxd4 12. Rb1 Bxb4 13. Rb2 Ne7 14. Rc2 e3 15.
Rc4 Bxd2+ 0-1

[Event "AUTO-MASTER-552"]
[Site "http://www.queenalice.com/game.php?id=470610"]
[Date "2008.9.30"]
[Round "2"]
[White "Yellow"]
[Black "RDario"]
[Result "1-0"]
[WhiteElo "2225"]
[BlackElo "1871"]

1. e4 c5 2. Nf3 d6 3. d4 cxd4 4. Nxd4 Nc6 5. Nc3 a6 6. Be3 g6 7. Nd5 Bg7 8. Nxc6
bxc6 9. Bb6 Qd7 10. Nc7+ Kf8 11. Nxa8 Qb7 12. Bd4 Qxa8 13. Bxg7+ Kxg7 14. Bc4
Nf6 15. f3 d5 16. exd5 Rd8 17. Qd2 cxd5 18. Bb3 Bf5 19. O-O e5 20. c3 h5 21. Qe3
Qb8 22. Rfe1 1-0

[Event "QA-ANNIV-04"]
[Site "http://www.queenalice.com/game.php?id=479377"]
[Date "2008.10.18"]
[Round "3"]
[White "Yellow"]
[Black "Maneiro"]
[Result "0-1"]
[WhiteElo "2231"]
[BlackElo "2337"]

1. e4 e5 2. Nf3 Nc6 3. Bb5 a6 4. Ba4 Nf6 5. O-O Bc5 6. c3 b5 7. Bb3 d6 8. a4 Bb7
9. d4 Bb6 10. Bg5 h6 11. Bxf6 Qxf6 12. Bd5 O-O 13. Na3 Ra7 14. Nc2 bxa4 15. Rxa4
a5 16. Ra1 exd4 17. cxd4 Rd8 18. Re1 Ne7 19. Bxb7 Rxb7 20. Qd3 c5 21. d5 Bc7 22.
b3 Ng6 23. g3 Rdb8 24. Reb1 c4 25. Qe2 Rxb3 26. Nd2 Rxb1+ 27. Rxb1 Rxb1+ 28.
Nxb1 Bb6 29. Nd2 Bc5 30. Nxc4 a4 31. Kg2 Qc3 0-1

[Event "QA-ANNIV-04"]
[Site "http://www.queenalice.com/game.php?id=514309"]
[Date "2008.12.29"]
[Round "4"]
[White "mtdfbsb"]
[Black "Yellow"]
[Result "0-1"]
[WhiteElo "1885"]
[BlackElo "2247"]

1. d4 d5 2. c4 c6 3. Nc3 dxc4 4. a4 Nf6 5. e4 e5 6. dxe5 Qxd1+ 7. Nxd1 Nxe4 8.
Ne2 Bb4+ 9. Nec3 Be6 10. f3 Nc5 11. Bd2 Nbd7 12. f4 Nb3 13. Ra2 O-O-O 14. Ne3
Nxd2 15. Kxd2 Nxe5+ 16. Ke2 Nd3 17. f5 Bxc3 18. bxc3 Nc1+ 19. Kf2 Nxa2 20. fxe6
fxe6 21. Bxc4 Nxc3 22. Bxe6+ Kc7 23. Bb3 Rhf8+ 24. Kg3 Rd3 25. Re1 Ne4+ 26. Kh4
Rxb3 27. Ng4 Re8 0-1

[Event "QA-ANNIV-04"]
[Site "http://www.queenalice.com/game.php?id=578082"]
[Date "2009.4.26"]
[Round "5"]
[White "Yellow"]
[Black "jnable"]
[Result "1-0"]
[WhiteElo "2264"]
[BlackElo "2044"]

1. e4 e5 2. Nf3 Nc6 3. Bb5 a6 4. Ba4 Nf6 5. O-O Be7 6. Re1 b5 7. Bb3 d6 8. c3
O-O 9. h3 Bb7 10. d4 Na5 11. Bc2 exd4 12. cxd4 Re8 13. Nc3 Bf8 14. b4 Nc4 15.
Nd2 Nxd2 16. Bxd2 c5 17. bxc5 dxc5 18. dxc5 Bxc5 19. e5 Nd5 20. Ne4 Bd4 21. Nd6
Re7 22. Rc1 Nc3 23. Bxc3 Bxc3 24. Qd3 g6 25. Qxc3 Rc7 26. Qb3 Bc6 27. f4 Qh4 28.
Be4 Bxe4 29. Rxc7 Qxe1+ 30. Kh2 Rf8 31. Rxf7 1-0